Итоговая научная конференция Казанского государственного университета имени В.И. Ульянова - Ленина за ... год : (Record no. 455471)
[ view plain ]
| 000 -LEADER | |
|---|---|
| fixed length control field | 02522nam a2200277 a 4500 |
| 003 - CONTROL NUMBER IDENTIFIER | |
| control field | AM-YEHGA |
| 040 ## - CATALOGING SOURCE | |
| Original cataloging agency | AM-YeHGA |
| 090 ## - LOCALLY ASSIGNED LC-TYPE CALL NUMBER (OCLC); LOCAL CALL NUMBER (RLIN) | |
| -- | 458477 |
| 005 - DATE AND TIME OF LATEST TRANSACTION | |
| control field | 20250617160539.0 |
| 008 - FIXED-LENGTH DATA ELEMENTS--GENERAL INFORMATION | |
| fixed length control field | 951223s1961 ||||||||||||||||||||rus d |
| 041 0# - LANGUAGE CODE | |
| Language code of text/sound track or separate title | rus |
| 110 2# - MAIN ENTRY--CORPORATE NAME | |
| Corporate name or jurisdiction name as entry element | Казанский государственный университет им. В.И. Ульянова-Ленина, |
| Subordinate unit | Итоговая научная конференция |
| 245 10 - TITLE STATEMENT | |
| Title | Итоговая научная конференция Казанского государственного университета имени В.И. Ульянова - Ленина за ... год : |
| Remainder of title | (Краткое содержание докладов) / |
| Statement of responsibility, etc. | Казанский гос. ун-та им. В.И. Ульянова - Ленина. |
| 260 ## - PUBLICATION, DISTRIBUTION, ETC. | |
| Place of publication, distribution, etc. | Казань : |
| Name of publisher, distributor, etc. | Изд-во Казанского гос. ун-та, |
| Date of publication, distribution, etc. | 1961-. |
| 300 ## - PHYSICAL DESCRIPTION | |
| Extent | Секции ; |
| Dimensions | 20 см. |
| 505 10 - FORMATTED CONTENTS NOTE | |
| Miscellaneous information | 1960 (1961, 85 с.) : |
| Title | Секция: Литературы. Русского и татарского языков. Педагогики и психологии. Юридических наук. |
| Miscellaneous information | 1960 (1961, 63 с.) : |
| Title | Секция: Общественных наук. Исторических наук |
| Formatted contents note | 1961 (1962, 93 с.) : |
| Title | Секция: физики теории относительности и гравитации астрономии. |
| Miscellaneous information | 1961 (1962, 106 с.) : |
| Title | Секция: Исторических наук. Русской филологии. Татарской филологии. Педагогики и психологии |
| 505 10 - FORMATTED CONTENTS NOTE | |
| Miscellaneous information | 1964 (1966, 97 с.) : |
| Title | Философия. Правоведение / |
| Statement of responsibility | [Ред. канд. ист.наук М.А. Нугаев]. |
| 650 14 - SUBJECT ADDED ENTRY--TOPICAL TERM | |
| Topical term or geographic name entry element | Естественные науки |
| 650 14 - SUBJECT ADDED ENTRY--TOPICAL TERM | |
| Topical term or geographic name entry element | Сборники произведений разных авторов |
| 700 1# - ADDED ENTRY--PERSONAL NAME | |
| Personal name | Нугаев, М.А. |
| Relator term | ред. |
| Relationship | edt |
| 740 02 - ADDED ENTRY--UNCONTROLLED RELATED/ANALYTICAL TITLE | |
| Uncontrolled related/analytical title | Секция: Литературы. Русского и татарского языков. Педагогики и психологии. Юридических наук. |
| 740 02 - ADDED ENTRY--UNCONTROLLED RELATED/ANALYTICAL TITLE | |
| Uncontrolled related/analytical title | Секция: Общественных наук. Исторических наук |
| 740 02 - ADDED ENTRY--UNCONTROLLED RELATED/ANALYTICAL TITLE | |
| Uncontrolled related/analytical title | Секция: физики теории относительности и гравитации астрономии. |
| 740 02 - ADDED ENTRY--UNCONTROLLED RELATED/ANALYTICAL TITLE | |
| Uncontrolled related/analytical title | Секция: Исторических наук. Русской филологии. Татарской филологии. Педагогики и психологии |
| 942 ## - ADDED ENTRY ELEMENTS (KOHA) | |
| Source of classification or shelving scheme | Universal Decimal Classification |
| Koha item type | Գրքեր / Books |
| Withdrawn status | Lost status | Source of classification or shelving scheme | Damaged status | Not for loan | Collection | Home library | Current library | Date acquired | Serial enumeration / chronology | Total checkouts | Full call number | Barcode | Date last seen | Price effective from | Koha item type | Public note |
|---|---|---|---|---|---|---|---|---|---|---|---|---|---|---|---|---|
| Universal Decimal Classification | General | Fundamental Scientific Library | Fundamental Scientific Library | 13/01/2021 | 1960 | PII/41930 | FL0634930 | 13/01/2021 | 13/01/2021 | Գրքեր / Books | 30 Days Loan |
ՀՀ Գիտությունների ազգային ակադեմիայի հիմնարար գիտական գրադարան = Fundamental Scientific Library of NAS RA
All site content, except where otherwise noted, is licensed under a